Statistics for NHL Goaltenders 2019-2020

Click here to take the quiz!

General Stats

  • This quiz has been taken 95 times
    (64 since last reset)
  • The average score is 46 of 62

Answer Stats

TeamAnswer% Correct
Boston BruinsTuuka Rask
100%
Vegas Golden KnightsMarc-Andre Fleury
98%
New York RangersHenrik Lundqvist
98%
Montreal CanadiensCarey Price
98%
Pittsburgh PenguinsMatt Murray
96%
Nashville PredatorsPekka Rinne
96%
Washington CapitalsBraden Holtby
96%
Florida PanthersSergei Bobrovsky
96%
Los Angeles KingsJonathan Quick
91%
Dallas StarsBen Bishop
89%
San Jose SharksMartin Jones
89%
Ottawa SenatorsCraig Anderson
89%
Chicago BlackhawksCorey Crawford
89%
Edmonton OilersMike Smith
87%
Anaheim DucksJohn Gibson
87%
Boston BruinsJaroslav Halak
87%
Carolina HurricanesPetr Mrazek
87%
St Louis BluesJordan Binnington
85%
Minnesota WildDevan Dubnyk
85%
Toronto Maple LeafsFrederik Andersen
83%
Philadelphia FlyersCarter Hart
83%
Vegas Golden KnightsMalcolm Subban
81%
Vancouver CanucksJacob Markstrom
81%
Arizona CoyotesDarcy Kuemper
81%
Chicago BlackhawksRobin Lehner
81%
Arizona CoyotesAntti Raanta
81%
Tampa Bay LightningAndrei Vasilevsky
79%
New York IslandersSemyon Varlamov
79%
St Louis BluesJake Allen
77%
Detroit Red WingsJimmy Howard
77%
Colorado AvalanchePhilipp Grubauer
77%
Calgary FlamesDavid Rittich
77%
New York IslandersThomas Greiss
77%
New Jersey DevilsMackenzie Blackwood
75%
Winnipeg JetsConnor Hellebuyck
75%
New Jersey DevilsCory Schneider
72%
Nashville PredatorsJuuse Saros
72%
Calgary FlamesCam Talbot
72%
Pittsburgh PenguinsTristan Jarry
70%
Columbus Blue JacketsJoonas Korpisalo
66%
New York RangersAlexandar Georgiev
66%
Buffalo SabresLinus Ullmark
66%
Buffalo SabresCarter Hutton
64%
Anaheim DucksRyan Miller
64%
Vancouver CanucksThatcher Demko
64%
Edmonton OilersMikko Koskinen
62%
Detroit Red WingsJonathan Bernier
62%
Washington CapitalsIlya Samsonov
62%
Carolina HurricanesJames Reimer
62%
Dallas StarsAnton Khudobin
58%
San Jose SharksAaron Dell
58%
Minnesota WildAlex Stalock
57%
Philadelphia FlyersBrian Elliott
57%
Montreal CanadiensKeith Kinkaid
53%
Colorado AvalanchePavel Francouz
53%
Los Angeles KingsJack Campbell
51%
Toronto Maple LeafsMichael Hutchinson
47%
Columbus Blue JacketsElvis Merzlikins
43%
Ottawa SenatorsAnders Nilsson
40%
Winnipeg JetsLaurent Brossoit
40%
Tampa Bay LightningCurtis McElhinney
32%
Florida PanthersSam Montembeault
30%

Score Distribution

Percentile by Number Answered

Percent of People with Each Score

Your Score History

You have not taken this quiz since the last reset